000 00734 a2200205 4500
999 _c3538
_d3538
020 _a0304328324
020 _a0304328340 (pbk.)
050 0 0 _aLB1564.G7
100 1 _aRadnor, Hilary A
245 1 0 _aAcross the curriculum /
_cHilary A. Radnor
264 _aLondon :
_b Cassell,
_c1994
300 _axi, 148 p. :
440 0 _aEducation matters
500 _aIncludes bibliographical references (p. 140-143) and index.
504 _aIncludes bibliographical references (p. 140-143) and index.
650 0 _aInterdisciplinary approach in education
650 0 _aInterdisciplinary approach in education
942 _2lcc
_cBK
_h1564.G7
_iRAD
_kLB